[Event "Challenge"]
[Site "http://www.queenalice.com/game.php?id=381838"]
[Date "2008.4.3"]
[Round "-"]
[White "SaL"]
[Black "sdbrasil"]
[Result "0-1"]
[WhiteElo "1226"]
[BlackElo "1154"]

1. Na3 a6 2. e4 e5 3. Qg4 d6 4. Qg3 Be7 5. Qxg7 Bf6 6. Qh6 Nxh6 7. d3 Bg7 8. Bd2
O-O 9. O-O-O Nc6 10. Nf3 Nd4 11. Ne1 b5 12. Kb1 Qd7 13. h4 Ng4 14. f3 Nf2 15.
Rh2 Nxd1 16. g4 a5 17. h5 b4 18. Nc4 Bb7 19. g5 d5 20. exd5 Qxd5 21. Ne3 Qc5 22.
Bc1 f6 23. gxf6 Bxf6 24. Nxd1 a4 25. Be3 Qc6 26. Bh6 Bg7 27. Bg5 Rfe8 28. Rg2 b3
29. cxb3 axb3 30. axb3 Nxb3 31. Ne3 Qc1# 0-1

[Event "Challenge"]
[Site "http://www.queenalice.com/game.php?id=381839"]
[Date "2008.4.3"]
[Round "-"]
[White "J_R_Ewing"]
[Black "sdbrasil"]
[Result "1-0"]
[WhiteElo "1312"]
[BlackElo "1164"]

1. e4 e5 2. g4 Nf6 3. Bc4 Qe7 4. f3 g6 5. g5 Nh5 6. d4 c5 7. dxe5 Qxe5 8. Ne2
Be7 9. h4 O-O 10. b3 Qxa1 11. Na3 a6 12. Qd5 Qxc1+ 13. Nxc1 Ng3 14. Rg1 Nf5 15.
Nd3 Ne3 16. Qe5 d6 17. Qxe7 Nc6 18. Qxd6 Nd4 19. Qf6 Bh3 20. Ne5 Nxc4 21. Naxc4
Rae8 22. Rh1 Bc8 23. Nd6 Nxc2+ 24. Kd2 Re6 25. Qf4 Nb4 26. Nexf7 Bd7 27. h5 Be8
28. hxg6 hxg6 29. Qh4 Re7 30. Qh8# 1-0

[Event "Challenge"]
[Site "http://www.queenalice.com/game.php?id=382532"]
[Date "2008.4.5"]
[Round "-"]
[White "sdbrasil"]
[Black "cowgirl"]
[Result "0-1"]
[WhiteElo "1166"]
[BlackElo "1879"]

1. d4 d5 2. b3 Nf6 3. Nc3 e6 4. h3 c5 5. e3 cxd4 6. exd4 a6 7. Bf4 Bb4 8. Bd2
Nc6 9. Qe2 Nxd4 10. Qd1 O-O 11. Bd3 e5 12. Na4 Bd6 13. c3 Ne6 14. Qe2 b5 15. Nb2
e4 16. Bxb5 axb5 17. c4 bxc4 18. bxc4 d4 19. O-O-O Rxa2 20. Kb1 Ra8 21. f3 Bb7
22. fxe4 Bxe4+ 23. Kc1 Ra1# 0-1

[Event "Challenge"]
[Site "http://www.queenalice.com/game.php?id=389269"]
[Date "2008.4.17"]
[Round "-"]
[White "arthurto28"]
[Black "sdbrasil"]
[Result "0-1"]
[WhiteElo "989"]
[BlackElo "1167"]

1. e3 e5 2. Nc3 a6 3. Nf3 Bd6 4. d4 f6 5. dxe5 fxe5 6. Qd5 Qe7 7. e4 Nf6 8. Qb3
b6 9. Be3 Nc6 10. O-O-O b5 11. a4 bxa4 12. Nxa4 Nxe4 13. h4 Nxf2 14. Bxf2 Nb4
15. g4 Bb7 16. g5 Bxf3 17. Qxf3 e4 18. Qc3 Be5 19. Rd4 Bxd4 20. Qxd4 O-O 21. b3
Rf3 22. c4 Raf8 23. Rh2 Rxb3 24. Nc5 Ra3 25. Nxd7 Rd8 26. Bh3 Nd3+ 27. Kc2 Nxf2
28. Rxf2 Rxh3 29. Re2 Rxh4 30. Rxe4 Rxe4 31. Qd5+ Re6 32. Kc3 Rxd7 33. Qa8+ Rd8
34. Qh1 Qa3+ 35. Kc2 Red6 36. c5 Qa2+ 37. Kc3 Rd3+ 0-1

[Event "Challenge"]
[Site "http://www.queenalice.com/game.php?id=389469"]
[Date "2008.4.18"]
[Round "-"]
[White "sdbrasil"]
[Black "Krajnicov"]
[Result "0-1"]
[WhiteElo "1176"]
[BlackElo "1237"]

1. Nh3 e5 2. e4 h5 3. Bc4 Qf6 4. O-O g5 5. d3 g4 6. Ng5 Bc5 7. Qe1 a6 8. Be3 Bd4
9. c3 Ba7 10. Bxf7+ Kd8 11. Nd2 h4 12. Nb3 g3 13. hxg3 hxg3 14. Bd5 Qh6 15. Nh3
Qh4 16. fxg3 Qe7 17. Rf3 d6 18. Qf2 Bxh3 19. Rf8+ Kd7 20. gxh3 c6 21. h4 cxd5
22. exd5 Bxe3 23. Qxe3 Qxf8 24. d4 Ne7 25. dxe5 Rh6 26. e6+ Kc7 27. Rf1 Rf6 28.
Re1 Nxd5 29. Qd3 Nb6 30. e7 Qe8 31. Re4 Nc6 32. Re2 Nxe7 33. c4 Qf7 34. c5 Nbd5
35. g4 Nf4 36. Rxe7+ Qxe7 37. Qd4 Re8 38. g5 Qe1+ 39. Kh2 Re2+ 40. Qf2 Rxf2+ 41.
Kg3 Qg1# 0-1

[Event "Challenge"]
[Site "http://www.queenalice.com/game.php?id=403651"]
[Date "2008.5.15"]
[Round "-"]
[White "Dream_Attack"]
[Black "sdbrasil"]
[Result "0-1"]
[WhiteElo "1236"]
[BlackElo "1173"]

1. d4 e6 2. Nc3 a6 3. d5 Bc5 4. e4 Qf6 5. f3 Nh6 6. Bd2 O-O 7. Qe2 a5 8. O-O-O
a4 9. Nb5 c6 10. Na3 b5 11. dxe6 Qxe6 12. Be3 Bd6 13. g3 Qxa2 14. f4 Qa1+ 15.
Kd2 Qxb2 16. Nh3 Qxa3 17. e5 Bb4+ 18. c3 Bxc3+ 19. Kd3 d6 20. Qc2 Ba5+ 21. Ke2
Bf5 22. Qc1 Qa2+ 23. Bd2 b4 24. exd6 Re8+ 25. Kf2 Ng4+ 26. Kf3 Qd5# 0-1

[Event "Challenge"]
[Site "http://www.queenalice.com/game.php?id=403767"]
[Date "2008.5.16"]
[Round "-"]
[White "marcoswerneck"]
[Black "sdbrasil"]
[Result "1-0"]
[WhiteElo "1247"]
[BlackElo "1180"]

1. g3 Na6 2. Bg2 d5 3. d4 f6 4. Nf3 Bf5 5. Nc3 Qd6 6. Bf4 Qc6 7. a3 O-O-O 8. Qd2
e6 9. b4 b5 10. O-O Re8 11. Nh4 e5 12. dxe5 fxe5 13. Nxd5 Bxc2 14. Ne7+ Rxe7 15.
Bxc6 exf4 16. Qxc2 g5 17. Qf5+ Kd8 18. Rad1+ Rd7 19. Qxf8# 1-0

[Event "Challenge"]
[Site "http://www.queenalice.com/game.php?id=405739"]
[Date "2008.5.20"]
[Round "-"]
[White "sdbrasil"]
[Black "Krajnicov"]
[Result "1-0"]
[WhiteElo "1192"]
[BlackElo "1300"]

1. Nf3 e6 2. g3 Qf6 3. e4 Bc5 4. Qe2 b6 5. e5 Qf5 6. Nh4 Qxc2 7. Bg2 Qxc1+ 8.
Qd1 Qxb2 9. Bxa8 c6 10. Qa4 Ba6 11. f4 Qc1+ 12. Qd1 Qb2 13. Nc3 b5 14. Ne4 Bd4
15. Rc1 Qxa2 16. Nd6+ Kd8 17. Nxf7+ Kc8 18. Nxh8 Qa3 19. Nf3 Bb2 20. Rb1 b4 21.
Nd4 Bd3 22. Nc2 Qa2 23. Nf7 Be4 24. Nd6+ Kc7 25. Nxe4 Na6 26. Nd4 Bxd4 27. Qb3
Qa5 28. h4 Kb8 29. Rc1 Kxa8 30. Qc4 Bb6 31. f5 Nc7 32. h5 d5 33. Qxc6+ Kb8 34.
Nd6 Ne7 35. Qd7 Na6 36. Qb7# 1-0

[Event "Challenge"]
[Site "http://www.queenalice.com/game.php?id=409106"]
[Date "2008.5.27"]
[Round "-"]
[White "cesarcalegari"]
[Black "sdbrasil"]
[Result "1-0"]
[WhiteElo "1258"]
[BlackElo "1200"]

1. e3 e5 2. Qf3 Nf6 3. b3 d5 4. Bb2 Bg4 5. Qg3 Bd6 6. Bxe5 Nh5 7. Qxg4 Bxe5 8.
c3 g6 9. e4 d4 10. Nf3 Bd6 11. e5 Be7 12. Nxd4 c5 13. Bb5+ Nd7 14. Qf3 O-O 15.
Bc4 Nxe5 16. Qe2 Nxc4 17. bxc4 Nf4 18. Qf3 g5 19. Na3 cxd4 20. Nc2 dxc3 21. Qxc3
Bf6 22. Qb4 Nxg2+ 23. Kd1 Bxa1 24. Rg1 a5 25. Qb3 a4 26. Qg3 Re8 27. Rxg2 Be5
28. Qh3 Ra6 29. Ne3 b5 30. Nf5 bxc4 31. Qh5 Qf6 32. Rxg5+ Kf8 33. Qxh7 Qxf5 34.
Rxf5 Ke7 35. Qxf7+ Kd6 36. Qxe8 Kd5 37. Qxe5+ Kc6 38. Qb5+ Kd6 39. Qxa6+ Kd7 40.
Qxc4 Ke7 41. Qxa4 Ke6 42. Qe4+ Kd6 43. Qd5+ Kc7 44. Rf6 Kb8 45. Rf7 Kc8 46. Qd7+
Kb8 47. Rf8# 1-0

[Event "Challenge"]
[Site "http://www.queenalice.com/game.php?id=409125"]
[Date "2008.5.27"]
[Round "-"]
[White "DrIgO"]
[Black "sdbrasil"]
[Result "0-1"]
[WhiteElo "1229"]
[BlackElo "1186"]

1. d4 e6 2. d5 Nf6 3. Bg5 Be7 4. Nc3 O-O 5. Qd2 exd5 6. Nxd5 Nxd5 7. Bxe7 Qxe7
8. Qxd5 Qb4+ 9. c3 Qxb2 10. Qd1 Qxc3+ 11. Qd2 Qxa1+ 12. Qd1 Qxa2 13. g3 b6 14.
Bg2 Nc6 15. Nh3 Ba6 16. O-O Rfe8 17. Bd5 Bxe2 18. Bxa2 Bxd1 19. Rxd1 Re5 20.
Rxd7 Re1+ 21. Kg2 Ne5 22. Rxc7 Re2 23. Bd5 Rd8 24. Nf4 a5 25. Re7 Kf8 26. Rc7
Rd2 27. Bb3 b5 28. Rc5 Nc4 29. Rxb5 Rc8 30. Rf5 f6 31. Ne6+ Kf7 32. Ng5+ Kg6 33.
g4 fxg5 34. h3 Nd6 35. Be6 Nxf5 36. gxf5+ Kf6 37. Bxc8 g6 38. h4 gxf5 39. hxg5+
Kxg5 40. Kf3 a4 41. Ke3 Rb2 42. f3 f4+ 43. Ke4 a3 44. Kd3 a2 45. Kc3 Rb8 46. Be6
a1=Q+ 47. Kd3 Qb1+ 48. Kd4 Qd1+ 49. Ke4 Qe1+ 50. Kd5 Re8 51. Bg4 Rd8+ 52. Kc6
Qc1+ 53. Kb7 h5 54. Bh3 Qh1 55. Be6 Qxf3+ 56. Kc7 Qd3 57. Bc4 Qd7+ 58. Kb6 h4
59. Bb5 Qd4+ 60. Kc7 h3 61. Bc6 Qd1 62. Bb7 Qc1+ 63. Kxd8 h2 64. Ke7 h1=Q 65.
Bxh1 Qxh1 66. Kd6 f3 67. Kd5 f2+ 68. Kc5 f1=Q 69. Kd6 Qh6+ 70. Kd5 Qf5+ 71. Kd4
Qh4+ 72. Ke3 Qh2 73. Kd4 Qd2+ 74. Kc4 Qfd5# 0-1

[Event "Challenge"]
[Site "http://www.queenalice.com/game.php?id=414216"]
[Date "2008.6.6"]
[Round "-"]
[White "Diego_Martinez"]
[Black "sdbrasil"]
[Result "0-1"]
[WhiteElo "1248"]
[BlackElo "1204"]

1. e4 e5 2. Qg4 d6 3. Qe2 Nf6 4. Qb5+ Nc6 5. Nc3 a6 6. Qb3 Be6 7. Qxb7 Nd4 8.
Kd1 Bg4+ 9. f3 Bc8 10. Qxa8 c6 11. g4 d5 12. d3 dxe4 13. Nxe4 Nxe4 14. fxe4 Be7
15. c3 Ne6 16. b4 Nc7 17. Qxc6+ Bd7 18. Qb6 O-O 19. Nf3 Bxg4 20. Bg2 Qxd3+ 21.
Bd2 Nb5 22. Ke1 Nxc3 23. Qf2 Nxe4 24. Bf1 Qd5 25. h3 Nxd2 26. hxg4 Nxf1 27. Rxf1
Bxb4+ 28. Nd2 Bc3 29. Rd1 e4 30. Rc1 Bb4 31. Rh1 e3 32. Qh2 h6 33. a3 Bxa3 34.
Rc3 exd2+ 35. Ke2 Re8+ 36. Re3 Rc8 37. Rd3 Qa2 38. g5 f5 39. gxh6 Re8+ 40. Re3
Rd8 41. h7+ Kf7 42. h8=Q d1=Q# 0-1

[Event "Challenge"]
[Site "http://www.queenalice.com/game.php?id=415817"]
[Date "2008.6.10"]
[Round "-"]
[White "andrefriburgo"]
[Black "sdbrasil"]
[Result "1-0"]
[WhiteElo "1307"]
[BlackElo "1212"]

1. e4 e5 2. Nf3 Bd6 3. Bc4 Qe7 4. O-O Nf6 5. Ng5 O-O 6. Nc3 b6 7. d3 a6 8. a4
Nc6 9. Ne2 Na5 10. Ng3 Nxc4 11. dxc4 Ng4 12. Qxg4 Bc5 13. Qh4 h6 14. Nf5 Qd8 15.
Nxh6+ gxh6 16. Qxh6 f6 17. Qh7# 1-0

[Event "Challenge"]
[Site "http://www.queenalice.com/game.php?id=419288"]
[Date "2008.6.17"]
[Round "-"]
[White "manica76"]
[Black "sdbrasil"]
[Result "1-0"]
[WhiteElo "1404"]
[BlackElo "1222"]

1. e4 e5 2. Nf3 Nf6 3. Bc4 d5 4. Bb3 Qd7 5. Nxe5 Qe7 6. d4 Nxe4 7. Bxd5 f6 8.
Qh5+ Kd8 9. Nf7+ Kd7 10. O-O g6 11. Qg4+ f5 12. Qf4 Rg8 13. Ne5+ Kd6 14. Nc6+
Kxd5 15. Nxe7+ Kxd4 16. Rd1+ Kc4 17. Na3+ Kc5 18. Qxc7+ Kb4 19. c3+ Ka4 20. Rd4#
1-0

[Event "Challenge"]
[Site "http://www.queenalice.com/game.php?id=422839"]
[Date "2008.6.25"]
[Round "-"]
[White "sdbrasil"]
[Black "Gansothedark"]
[Result "0-1"]
[WhiteElo "1188"]
[BlackElo "1433"]

1. d4 d5 2. Nc3 Nf6 3. Be3 e6 4. Qd3 Nc6 5. O-O-O Nb4 6. Qd2 Bd6 7. Nf3 Nxa2+ 8.
Nxa2 Qe7 9. Bf4 O-O 10. e3 c5 11. Bd3 c4 12. Bxd6 Qxd6 13. Ng5 cxd3 14. Qxd3 g6
15. c4 dxc4 16. Qxc4 Ne4 17. Rdf1 Nxg5 18. f4 Ne4 19. Nc3 b6 20. Nxe4 Qe7 21. g4
Bd7 22. f5 Rac8 23. Nc5 bxc5 24. Rf2 cxd4 25. Rc2 Rxc4 26. Rxc4 Rc8 27. b3 Qa3+
28. Kd2 Qb2+ 29. Kd3 Rxc4 30. Kxc4 Qc3# 0-1

[Event "Challenge"]
[Site "http://www.queenalice.com/game.php?id=425837"]
[Date "2008.7.1"]
[Round "-"]
[White "iliov2008"]
[Black "sdbrasil"]
[Result "1-0"]
[WhiteElo "1276"]
[BlackElo "1213"]

1. e4 e5 2. Nc3 Nf6 3. Nf3 Bd6 4. Bc4 O-O 5. Ng5 Qe7 6. Bxf7+ Kh8 7. f3 h6 8. h4
hxg5 9. hxg5+ Nh7 10. Bg6 Qxg5 11. Bxh7 Qxg2 12. Rh4 b6 13. f4 Ba6 14. d3 exf4
15. Qh5 Be7 16. Bg6+ Kg8 17. Qh8# 1-0

[Event "Challenge"]
[Site "http://www.queenalice.com/game.php?id=427391"]
[Date "2008.7.4"]
[Round "-"]
[White "sdbrasil"]
[Black "iliov2008"]
[Result "0-1"]
[WhiteElo "1200"]
[BlackElo "1295"]

1. d4 e6 2. Bd2 Nc6 3. e3 Nf6 4. Nc3 d5 5. Qf3 e5 6. h3 exd4 7. exd4 Nxd4 8.
Qe3+ Qe7 9. O-O-O Nf5 10. Qe2 Nd4 11. Qd3 c5 12. Nxd5 Nxd5 13. g4 h5 14. Bg2 Qe6
15. c4 Nf6 16. g5 Nd7 17. Nf3 Qe2 18. Ne1 Qxf2 19. b4 Ne2+ 20. Kb2 Ne5 21. Qd5
Nc6 22. bxc5 Qd4+ 23. Kb1 Be6 24. Qf3 Bxc5 25. Qxe2 f6 26. Nc2 Qd6 27. Bf3 fxg5
28. Rhg1 Ne5 29. Bxb7 Rb8 30. Rxg5 Rxb7+ 31. Kc1 Ba3+ 32. Nxa3 Qxa3+ 33. Kc2
Qb2# 0-1

[Event "Challenge"]
[Site "http://www.queenalice.com/game.php?id=438054"]
[Date "2008.7.24"]
[Round "-"]
[White "GeorgeAlexander"]
[Black "sdbrasil"]
[Result "0-1"]
[WhiteElo "1362"]
[BlackElo "1161"]

1. Nf3 h6 2. b4 e6 3. d4 Bxb4+ 4. c3 Ba5 5. Qa4 b6 6. h4 Bb7 7. Rh3 Bc6 8. Qc4
Nf6 9. a4 O-O 10. Rg3 Bd5 11. Qd3 Ne4 12. Rg4 Nc6 13. Ba3 d6 14. Bb4 Nxb4 15.
cxb4 Bxb4+ 16. Nbd2 f5 17. Rf4 g5 18. hxg5 hxg5 19. Nxg5 Qxg5 20. e3 Nxd2 21.
Rb1 Nxb1+ 22. Ke2 e5 23. Rf3 Qg4 24. Kd1 Bxf3+ 25. gxf3 Qxf3+ 26. Be2 Qxf2 27.
Qxb1 Qe1+ 28. Kc2 Qd2+ 29. Kb3 Qc3+ 30. Ka2 Qa3# 0-1

[Event "Challenge"]
[Site "http://www.queenalice.com/game.php?id=445279"]
[Date "2008.8.8"]
[Round "-"]
[White "Nica_Pinica"]
[Black "sdbrasil"]
[Result "0-1"]
[WhiteElo "960"]
[BlackElo "1167"]

1. e4 Nf6 2. Bb5 c6 3. Bd3 g6 4. Ne2 Bh6 5. Ng3 O-O 6. e5 Nd5 7. O-O d6 8. exd6
Qxd6 9. Ne4 Qe5 10. Bc4 Qxe4 11. d3 Qh4 12. g3 Qf6 13. b4 Qxa1 14. b5 Qxb1 15.
f4 Qb4 16. c3 Nxc3 17. Qf3 cxb5 18. Bd5 Nxd5 19. Re1 e6 20. f5 Qxe1+ 21. Kg2
Qxc1 22. Qf1 Qc2+ 23. Qf2 Qxd3 24. Qf3 Qd2+ 25. Qf2 Ne3+ 26. Kh3 Qxf2 27. fxg6
fxg6 28. g4 Bg5 29. a3 Qg2# 0-1

[Event "Challenge"]
[Site "http://www.queenalice.com/game.php?id=445280"]
[Date "2008.8.8"]
[Round "-"]
[White "V_Spy"]
[Black "sdbrasil"]
[Result "1-0"]
[WhiteElo "1198"]
[BlackElo "1182"]

1. e4 g6 2. b3 Bg7 3. Bb2 Bxb2 4. Nc3 Bxa1 5. Qxa1 Nf6 6. Nd5 O-O 7. Qe5 h6 8.
Bb5 d6 9. Qf4 a6 10. Bc4 g5 11. Qg3 e6 12. Ne3 Nxe4 13. Qh3 b5 14. Bd3 d5 15. f3
Nd6 16. Qxh6 c6 17. Qh7# 1-0

[Event "Challenge"]
[Site "http://www.queenalice.com/game.php?id=449155"]
[Date "2008.8.15"]
[Round "-"]
[White "DrIgO"]
[Black "sdbrasil"]
[Result "0-1"]
[WhiteElo "1429"]
[BlackElo "1185"]

1. d4 Nf6 2. d5 c6 3. d6 exd6 4. Bg5 d5 5. Bf4 d6 6. Nc3 Nh5 7. Qd2 Be7 8. O-O-O
O-O 9. g4 Nxf4 10. Qxf4 Bh4 11. Nxd5 cxd5 12. Rxd5 g5 13. Qd4 Nc6 14. Qa4 Be6
15. c4 Bxd5 16. cxd5 Na5 17. Nf3 Rc8+ 18. Kd2 Bxf2 19. e4 Qf6 20. Be2 Qxb2+ 21.
Kd3 Rc3# 0-1

[Event "Challenge"]
[Site "http://www.queenalice.com/game.php?id=688014"]
[Date "2009.11.24"]
[Round "-"]
[White "sdbrasil"]
[Black "FENIX_RJ"]
[Result "0-1"]
[WhiteElo "1229"]
[BlackElo "1440"]

1. e4 e5 2. d4 Bb4+ 3. c3 Ba5 4. Nh3 Nf6 5. Bc4 Nc6 6. O-O exd4 7. cxd4 Qe7 8.
f3 Bb6 9. Be3 Qb4 10. b3 Ne7 11. a3 Qd6 12. e5 Qc6 13. exf6 Qxf6 14. Ng5 d5 15.
Bb5+ c6 16. Ba4 Bc7 17. b4 Nf5 18. Bc1 Qd6 19. Re1+ Ne7 20. Re2 Qxh2+ 21. Kf1
Qh1+ 22. Kf2 Qh4+ 23. g3 Qh2+ 24. Ke3 Qxg3 25. Qe1 Qxg5+ 26. f4 Qxf4+ 27. Kd3
Qf3+ 28. Kc2 Qf5+ 29. Kb3 Qf3+ 30. Re3 Qf6 31. Ra2 Qxd4 32. Rxe7+ Kd8 33. b5
Qc4+ 34. Kb2 Qxa4 35. Nc3 Qa5 36. a4 Qb4+ 37. Kc2 Bf5+ 38. Kd2 Qd4+ 39. Ke2 Bg4+
40. Kf1 Qf6+ 41. Kg1 Bd6 42. Rxb7 Qd4+ 43. Be3 Qe5 0-1